<?xml version="1.0" encoding="UTF-8"?>
<record
    xmlns:xsi="http://www.w3.org/2001/XMLSchema-instance"
    xsi:schemaLocation="http://www.loc.gov/MARC21/slim http://www.loc.gov/standards/marcxml/schema/MARC21slim.xsd"
    xmlns="http://www.loc.gov/MARC21/slim">

  <leader>01018nam a2200193 a 4500</leader>
  <controlfield tag="008">161215t2014    ag  |||g |||| 00| f spa d</controlfield>
  <datafield tag="020" ind1=" " ind2=" ">
    <subfield code="a">9789500746601</subfield>
  </datafield>
  <datafield tag="041" ind1=" " ind2=" ">
    <subfield code="a">spa</subfield>
  </datafield>
  <datafield tag="092" ind1=" " ind2=" ">
    <subfield code="c">863</subfield>
    <subfield code="l">3</subfield>
    <subfield code="s">ALL</subfield>
  </datafield>
  <datafield tag="100" ind1="1" ind2=" ">
    <subfield code="a">Allende, Isabel</subfield>
    <subfield code="9">3210</subfield>
  </datafield>
  <datafield tag="245" ind1=" " ind2="3">
    <subfield code="a">El juego de Ripper /</subfield>
    <subfield code="c">Isabel Allende</subfield>
  </datafield>
  <datafield tag="250" ind1=" " ind2=" ">
    <subfield code="a">1a ed.</subfield>
  </datafield>
  <datafield tag="260" ind1=" " ind2=" ">
    <subfield code="a">Buenos Aires:</subfield>
    <subfield code="b">Sudamericana;</subfield>
    <subfield code="c">2014.</subfield>
  </datafield>
  <datafield tag="300" ind1=" " ind2=" ">
    <subfield code="a">480 p.</subfield>
    <subfield code="c">23x16 cm.</subfield>
  </datafield>
  <datafield tag="500" ind1=" " ind2=" ">
    <subfield code="a">Allende, I. (2014). El juego de Ripper. (1a ed.). Buenos Aires : Sudamericana.</subfield>
  </datafield>
  <datafield tag="505" ind1=" " ind2=" ">
    <subfield code="a">"Mi madre todav&#xED;a est&#xE1; viva, pero la matar&#xE1;n el Viernes Santo a medianoche", le advirti&#xF3; Amanda Mart&#xED;n al inspector jefe y epeste no lo uso en duda, porque la chica hab&#xED;a dado pruebas de saber m&#xE1;s que &#xE9;l y todo sus colegas del Departamento de Homicidios. La mujer estaba cautiva en alg&#xFA;n punto de los dieciocho mil kil&#xF3;metros cuadrado de la hab&#xED;a de San Francisco, ten&#xED;an pocas horas para encontrarla con vida y &#xE9;l no sab&#xED;a por d&#xF3;nde empezar a buscarla.</subfield>
  </datafield>
  <datafield tag="655" ind1=" " ind2=" ">
    <subfield code="a">Novela</subfield>
    <subfield code="9">3091</subfield>
  </datafield>
  <datafield tag="942" ind1=" " ind2=" ">
    <subfield code="2">ddc</subfield>
    <subfield code="c">LIT</subfield>
  </datafield>
  <datafield tag="999" ind1=" " ind2=" ">
    <subfield code="c">3308</subfield>
    <subfield code="d">3308</subfield>
  </datafield>
  <datafield tag="952" ind1=" " ind2=" ">
    <subfield code="0">0</subfield>
    <subfield code="1">0</subfield>
    <subfield code="2">ddc</subfield>
    <subfield code="4">0</subfield>
    <subfield code="7">0</subfield>
    <subfield code="a">BFM</subfield>
    <subfield code="b">BFM</subfield>
    <subfield code="c">CR</subfield>
    <subfield code="d">2025-09-22</subfield>
    <subfield code="e">Donaci&#xF3;n Guerra, Valeria. Septiembre 2025.</subfield>
    <subfield code="l">1</subfield>
    <subfield code="o">863 3 ALL</subfield>
    <subfield code="p">5113</subfield>
    <subfield code="r">2026-04-07</subfield>
    <subfield code="s">2026-03-17</subfield>
    <subfield code="t">Ej. 1</subfield>
    <subfield code="w">2025-09-22</subfield>
    <subfield code="y">LIT</subfield>
    <subfield code="z">Donaci&#xF3;n Guerra, Valeria. Septiembre 2025. Sede Tordos.</subfield>
    <subfield code="f"></subfield>
  </datafield>
</record>
